Exilio y ternura / (Registro nro. 24480)
[ vista simple ]
| 000 -LEADER | |
|---|---|
| fixed length control field | 01183cam a2200325 i 4500 |
| 001 - CONTROL NUMBER | |
| control field | 24480 |
| 003 - CONTROL NUMBER IDENTIFIER | |
| control field | Mx-PuUPA |
| 005 - DATE AND TIME OF LATEST TRANSACTION | |
| control field | 20250604100652.0 |
| 008 - FIXED-LENGTH DATA ELEMENTS--GENERAL INFORMATION | |
| fixed length control field | 140415s1994 sp gr 000 0 spa d |
| 017 ## - COPYRIGHT OR LEGAL DEPOSIT NUMBER | |
| Copyright or legal deposit number | M. 15.549-1994 |
| 020 ## - INTERNATIONAL STANDARD BOOK NUMBER | |
| International Standard Book Number | 8426904564 |
| 040 ## - CATALOGING SOURCE | |
| Original cataloging agency | Mx-PuUPA |
| Language of cataloging | spa |
| Transcribing agency | Mx-PuUPA |
| Modifying agency | Mx-PuUPA |
| Description conventions | rda |
| 041 1# - LANGUAGE CODE | |
| Language code of text/sound track or separate title | spa |
| Language code of original | fre |
| 100 1# - MAIN ENTRY--PERSONAL NAME | |
| Personal name | Leclerc, Éloi, |
| Dates associated with a name | 1921-2016 |
| 9 (RLIN) | 17139 |
| Relator term | autor |
| 240 10 - UNIFORM TITLE | |
| Uniform title | Sagése d' un pauvre. |
| Language of a work | Español. |
| 245 10 - TITLE STATEMENT | |
| Title | Exilio y ternura / |
| Statement of responsibility, etc. | P. Eloi Leclerc ; la traducción ha sido realizada por Ana María Fraga y María José Martí |
| 250 ## - EDITION STATEMENT | |
| Edition statement | Segunda edición |
| 264 #1 - PRODUCTION, PUBLICATION, DISTRIBUTION, MANUFACTURE, AND COPYRIGHT NOTICE | |
| Place of production, publication, distribution, manufacture | Madrid, España : |
| Name of producer, publisher, distributor, manufacturer | Ediciones Marova, |
| Date of production, publication, distribution, manufacture, or copyright notice | ©1994 |
| 300 ## - PHYSICAL DESCRIPTION | |
| Extent | 247 páginas ; |
| Dimensions | 18 cm |
| 336 ## - CONTENT TYPE | |
| Fuente | rdacontent |
| Content type term | texto |
| Content type code | txt |
| 337 ## - MEDIA TYPE | |
| Source | rdamedia |
| Media type term | sin medio |
| Media type code | n |
| 338 ## - CARRIER TYPE | |
| Source | rdacarrier |
| Carrier type term | volumen |
| Carrier type code | nc |
| 600 04 - SUBJECT ADDED ENTRY--PERSONAL NAME | |
| Personal name | Francisco, de Asís, |
| Titles and other words associated with a name | Santo, |
| Dates associated with a name | 1182 - 1226 |
| 700 1# - ADDED ENTRY--PERSONAL NAME | |
| Personal name | Fraga, Ana María, |
| Relator term | traductor |
| 700 1# - ADDED ENTRY--PERSONAL NAME | |
| Personal name | Martí, María José, |
| Relator term | traductor |
| 765 0# - ORIGINAL LANGUAGE ENTRY | |
| Main entry heading | Leclerc, Éloi, |
| Place, publisher, and date of publication | [Francia?] : Les Editions Franciscaines,[1963?] |
| Title | Sagésse d'un pauvre. |
| 942 ## - ADDED ENTRY ELEMENTS (KOHA) | |
| Source of classification or shelving scheme | Dewey Decimal Classification |
| Koha item type | Libro |
| Classification part | 271.302 |
| Item part | L4518 |
| Withdrawn status | Lost status | Source of classification or shelving scheme | Damaged status | Not for loan | Collection code | Home library | Current library | Shelving location | Date acquired | Total Checkouts | Full call number | Barcode | Date last seen | Price effective from | Koha item type |
|---|---|---|---|---|---|---|---|---|---|---|---|---|---|---|---|
| Dewey Decimal Classification | General | Centro de Estudios Guadalupanos | Centro de Estudios Guadalupanos | Sala general | 03/12/2013 | 271.302 L4518 1994 | 45722 | 05/01/2026 | 03/12/2013 | Libro |